[Event "Titled Tue 24th Jun Early"]
[Site "chess.com INT"]
[Date "2025.06.24"]
[Round "1"]
[White "Matinian, Nikita"]
[Black "Weerasekara, Dishal Nimsara"]
[Result "0-1"]
[WhiteTitle "GM"]
[BlackTitle "FM"]
[WhiteElo "2421"]
[BlackElo "2125"]
[WhiteFideId "24129100"]
[BlackFideId "9997431"]
[EventDate "2025.06.24"]

1. e4 c6 2. d4 d5 3. exd5 cxd5 4. Bd3 Nc6 5. c3 Nf6 6. h3 g6 7. Nf3 Bg7 8. O-O
O-O 9. Re1 a6 10. Bf4 Bf5 11. Na3 Bxd3 12. Qxd3 b5 13. Nc2 e6 14. Ne5 Nxe5 15.
dxe5 Nd7 16. Nd4 Qc7 17. Qg3 Rab8 18. Rac1 Rfc8 19. h4 h5 20. Re3 b4 21. Nxe6
fxe6 22. Qxg6 Nf8 23. Qxh5 Qf7 24. Qg4 Rc4 25. Rf3 Ng6 26. g3 Rf8 27. Qg5 Nxf4
28. gxf4 Rxf4 29. Rxf4 Qxf4 30. Qxf4 Rxf4 31. cxb4 Rxb4 32. b3 Rb6 33. f4 Kf7
34. Kf2 Bh6 35. Kg3 Kg6 36. Kg4 Rb4 37. h5+ Kf7 38. Rf1 Re4 39. Kg3 d4 40. Rf3
Re3 41. Kf2 Rxf3+ 42. Kxf3 d3 43. Ke3 d2 44. Kxd2 Bxf4+ 45. Kd3 Bxe5 46. b4 Bd6
47. Kc4 Kf6 48. a4 Kg5 49. a5 Kxh5 50. b5 axb5+ 51. Kxb5 Bb8 52. Kc6 Kg5 53. a6
Ba7 54. Kd6 Kf5 0-1

[Event "Titled Tue 24th Jun Early"]
[Site "chess.com INT"]
[Date "2025.06.24"]
[Round "1"]
[White "Maximov, Dmitry"]
[Black "Yang, Daniel"]
[Result "1-0"]
[WhiteTitle "GM"]
[BlackTitle "CM"]
[WhiteElo "2476"]
[BlackElo "2198"]
[WhiteFideId "14105659"]
[BlackFideId "30976340"]
[EventDate "2025.06.24"]

1. e4 c6 2. Nf3 d5 3. Nc3 dxe4 4. Nxe4 Nf6 5. Qe2 Nxe4 6. Qxe4 Nd7 7. Bc4 Nf6 8.
Qe2 e6 9. d4 Be7 10. c3 O-O 11. Bd3 c5 12. Be3 cxd4 13. Bxd4 Qc7 14. h4 h6 15.
g4 e5 16. Nxe5 Re8 17. g5 Bd6 18. f4 Bg4 19. Qg2 Bxe5 20. fxe5 Rxe5+ 21. Kd2
hxg5 22. Bxe5 Qxe5 23. Rae1 Qf4+ 24. Re3 Rd8 25. Rf1 Qa4 26. hxg5 Qxa2 27. Qxb7
Nd5 28. Qxf7+ Kh8 29. Rh1+ 1-0

[Event "Titled Tue 24th Jun Early"]
[Site "chess.com INT"]
[Date "2025.06.24"]
[Round "1"]
[White "Vakhidov, Jakhongir"]
[Black "Estrada Nieto, Julian"]
[Result "0-1"]
[WhiteTitle "GM"]
[BlackTitle "IM"]
[WhiteElo "2539"]
[BlackElo "2181"]
[WhiteFideId "14201801"]
[BlackFideId "5101018"]
[EventDate "2025.06.24"]

1. d4 d5 2. c4 dxc4 3. Nf3 Nf6 4. e3 e6 5. Bxc4 c5 6. O-O a6 7. Nbd2 Nc6 8. Nb3
cxd4 9. Nbxd4 Nxd4 10. exd4 Be7 11. Ne5 O-O 12. Re1 Bd7 13. Bg5 Rc8 14. Bd3 Bb5
15. Bxb5 axb5 16. Qd3 b4 17. Rad1 Qd5 18. Qb3 Qxb3 19. axb3 Rc2 20. Rd2 Rfc8 21.
Nf3 h6 22. Be3 Nd5 23. h3 Rxd2 24. Bxd2 Rc2 25. Rb1 Bf6 26. Kf1 Bxd4 27. Nxd4
Rxd2 28. Ne2 Rd3 0-1

[Event "Titled Tue 24th Jun Early"]
[Site "chess.com INT"]
[Date "2025.06.24"]
[Round "1"]
[White "Vlassov, Nikolai"]
[Black "Katishonok, Nikolaj"]
[Result "1-0"]
[WhiteTitle "IM"]
[BlackTitle "FM"]
[WhiteElo "2291"]
[BlackElo "2004"]
[WhiteFideId "4103360"]
[BlackFideId "11600225"]
[EventDate "2025.06.24"]

1. e4 e6 2. d4 d5 3. exd5 exd5 4. Nf3 Nf6 5. c4 Bb4+ 6. Nc3 O-O 7. Bd3 dxc4 8.
Bxc4 Bg4 9. O-O Nc6 10. Be3 h6 11. Rc1 a6 12. h3 Bh5 13. g4 Bg6 14. Ne5 Nxe5 15.
dxe5 Bxc3 16. bxc3 Ne4 17. f4 Qh4 18. Qf3 Ng3 19. Bf2 b5 20. Bxg3 Qxh3 21. Bb3
h5 22. f5 hxg4 23. Qe3 Bh5 24. Rf2 1-0

[Event "Titled Tue 24th Jun Early"]
[Site "chess.com INT"]
[Date "2025.06.24"]
[Round "1"]
[White "Hansen, Eric"]
[Black "Jasinski, Alexander"]
[Result "1-0"]
[WhiteTitle "GM"]
[WhiteElo "2609"]
[BlackElo "1989"]
[WhiteFideId "2606771"]
[BlackFideId "55627994"]
[EventDate "2025.06.24"]

1. e4 c5 2. Nf3 d6 3. c3 Nf6 4. Be2 Nc6 5. d3 g6 6. O-O Bg7 7. Re1 O-O 8. Bf1
Bg4 9. Nbd2 e6 10. h3 Bxf3 11. Nxf3 d5 12. Bf4 Qd7 13. Qc2 Rad8 14. Rad1 Rfe8
15. a3 e5 16. Bg5 h6 17. exd5 Qxd5 18. Be3 b6 19. b4 cxb4 20. axb4 Rc8 21. Qa4
Qd7 22. b5 Na5 23. d4 exd4 24. Bxd4 Rxe1 25. Rxe1 Re8 26. Rd1 Qc7 27. g3 Nh5 28.
Bg2 Bxd4 29. Qxd4 Ng7 30. Qd7 Qxc3 31. Qxa7 Qb3 32. Rd7 Qe6 33. Nd4 Qa2 34. Bd5
Qa1+ 35. Kg2 Qxd4 36. Bxf7+ Kh8 37. Rxd4 1-0

[Event "Titled Tue 24th Jun Early"]
[Site "chess.com INT"]
[Date "2025.06.24"]
[Round "1"]
[White "Bustelo, Tabare"]
[Black "Abdsattar, Alisher"]
[Result "0-1"]
[WhiteTitle "CM"]
[BlackTitle "CM"]
[WhiteElo "2043"]
[BlackElo "2030"]
[WhiteFideId "3000362"]
[BlackFideId "13749358"]
[EventDate "2025.06.24"]

1. d4 Nf6 2. Bg5 e6 3. e4 h6 4. Bxf6 Qxf6 5. Nf3 d5 6. Nbd2 Qd8 7. Bd3 Be7 8.
O-O O-O 9. c3 c5 10. Rc1 Nc6 11. e5 Bd7 12. Qe2 Qb6 13. b3 cxd4 14. cxd4 Rac8
15. Qe3 f6 16. h4 fxe5 17. Nxe5 Nxe5 18. Qxe5 Bf6 19. Qh5 Be8 20. Bg6 Bxg6 21.
Qxg6 Qxd4 22. Rxc8 Rxc8 23. Nf3 Qf4 24. Re1 Qf5 25. Qg3 d4 26. Ne5 Rd8 27. Nd3
Kh7 28. b4 Rd5 29. Nc5 e5 30. Ne4 d3 31. f3 Qf4 32. Qxf4 exf4 33. h5 Bd4+ 34.
Kf1 Rxh5 35. g4 Rh1+ 0-1

[Event "Titled Tue 24th Jun Early"]
[Site "chess.com INT"]
[Date "2025.06.24"]
[Round "1"]
[White "Naroditsky, Daniel"]
[Black "Bodemar, Jonathan"]
[Result "1-0"]
[WhiteTitle "GM"]
[BlackTitle "CM"]
[WhiteElo "2619"]
[BlackElo "2150"]
[WhiteFideId "2026961"]
[BlackFideId "6205488"]
[EventDate "2025.06.24"]

1. e4 e6 2. d4 d5 3. e5 c5 4. c3 Nc6 5. Nf3 Nge7 6. Na3 cxd4 7. cxd4 Nf5 8. Nc2
Bd7 9. Bd3 Qb6 10. O-O Be7 11. b3 O-O 12. Bb2 a5 13. Rb1 Rac8 14. Nfe1 Nb4 15.
Nxb4 axb4 16. Nc2 Bb5 17. Ne3 Nxe3 18. fxe3 Bg5 19. Re1 Rc7 20. e4 Bxd3 21. Qxd3
dxe4 22. Rxe4 Rd8 23. Rf1 Qc6 24. Re2 Qa6 25. Qf3 Qxa2 26. Bc1 Qxe2 27. Qxe2
Bxc1 28. Rd1 Bh6 29. Qb5 Rcd7 30. d5 exd5 31. Qb6 Bf4 32. e6 fxe6 33. Qxe6+ Kh8
34. Rf1 g5 35. g3 Bd6 36. Qf6+ Kg8 37. Qxg5+ 1-0

[Event "Titled Tue 24th Jun Early"]
[Site "chess.com INT"]
[Date "2025.06.24"]
[Round "1"]
[White "Beyer, Lorenz"]
[Black "Haraguchi, Diego Sashaki"]
[Result "1/2-1/2"]
[WhiteTitle "CM"]
[WhiteElo "2226"]
[BlackElo "2179"]
[WhiteFideId "16245393"]
[BlackFideId "22729925"]
[EventDate "2025.06.24"]

1. d4 Nf6 2. Bf4 g6 3. e3 Bg7 4. Nf3 O-O 5. h3 d6 6. Be2 Nc6 7. O-O Re8 8. c3 e5
9. dxe5 dxe5 10. Qxd8 Rxd8 11. Nxe5 Ne7 12. Na3 Ned5 13. Bg3 Ne4 14. Bh2 Be6 15.
Rad1 c6 16. Bf3 Ng5 17. Be2 Ne4 18. Nac4 h5 19. Nf3 a5 20. Nd4 a4 21. Nxe6 fxe6
22. a3 Kh7 23. Be5 Bf8 24. Bh2 b5 25. Ne5 Rac8 26. Bd3 Nc5 27. Bxg6+ Kh6 28. Bc2
Kg7 29. Ng6 Bd6 30. Bxd6 Rxd6 31. Nf4 h4 32. e4 Nxf4 33. Rxd6 Kf6 34. Rdd1 Rg8
35. g4 hxg3 36. fxg3 Rxg3+ 37. Kf2 Rxh3 38. Rd6 Ke5 39. Rxc6 Rh2+ 40. Kg1 Rxc2
41. Rxc5+ Kd6 42. Rxb5 Ne2+ 43. Kh1 Ng3+ 44. Kg1 Ne2+ 45. Kh1 Ng3+ 46. Kg1 Ne2+ 1/2-1/2

[Event "Titled Tue 24th Jun Early"]
[Site "chess.com INT"]
[Date "2025.06.24"]
[Round "1"]
[White "Urbina Perez, Juan Antonio"]
[Black "Pranav, V"]
[Result "0-1"]
[WhiteTitle "FM"]
[BlackTitle "GM"]
[WhiteElo "2221"]
[BlackElo "2595"]
[WhiteFideId "2217368"]
[BlackFideId "25060783"]
[EventDate "2025.06.24"]

1. e4 e5 2. Nf3 Nc6 3. Bc4 Nf6 4. d3 Be7 5. O-O O-O 6. Re1 d6 7. a3 Be6 8. Nc3
h6 9. Nd5 Re8 10. Nxe7+ Qxe7 11. Bxe6 Qxe6 12. c4 a5 13. Bd2 a4 14. b4 axb3 15.
Qxb3 b6 16. h3 Nd7 17. a4 Nc5 18. Qc2 f5 19. Be3 Nb4 20. Qb1 Nbxd3 21. exf5 Qxc4
22. Rd1 e4 23. Nd2 Qf7 24. Nxe4 Rxe4 25. Rxd3 Nxd3 26. Qxd3 Qxf5 27. Rc1 c5 28.
Qxd6 Qe6 29. Qg3 Rexa4 30. Kh2 Re4 31. Rd1 Qe5 32. f4 Qc3 33. Rd7 Rxe3 34. Qg6
Qf6 35. Qg4 Rf8 0-1

[Event "Titled Tue 24th Jun Early"]
[Site "chess.com INT"]
[Date "2025.06.24"]
[Round "1"]
[White "Bruhovich, Olexandr"]
[Black "Roebers, Eline"]
[Result "0-1"]
[WhiteTitle "CM"]
[BlackTitle "IM"]
[WhiteElo "2208"]
[BlackElo "2356"]
[WhiteFideId "14119919"]
[BlackFideId "1058401"]
[EventDate "2025.06.24"]

1. e4 c5 2. c3 Qa5 3. Nf3 Nc6 4. Na3 Nf6 5. Bd3 e6 6. Nc4 Qc7 7. e5 Nd5 8. O-O
Nf4 9. Bc2 b5 10. Na3 Nxe5 11. Nxb5 Qc6 12. d4 Nxf3+ 13. Qxf3 Qxf3 14. gxf3 Ne2+
15. Kg2 Rb8 16. Bd3 Nxc1 17. Rfxc1 Kd8 18. Nxa7 Bb7 19. Nb5 Bc6 20. c4 g5 21. h3
h5 22. a4 g4 23. hxg4 hxg4 24. Be4 gxf3+ 25. Bxf3 Rg8+ 0-1

[Event "Titled Tue 24th Jun Early"]
[Site "chess.com INT"]
[Date "2025.06.24"]
[Round "1"]
[White "De Silva, L M S T"]
[Black "Birkisson, Bjorn Holm"]
[Result "1-0"]
[WhiteTitle "IM"]
[BlackTitle "CM"]
[WhiteElo "2390"]
[BlackElo "2128"]
[WhiteFideId "9953698"]
[BlackFideId "2310600"]
[EventDate "2025.06.24"]

1. Nf3 d5 2. e3 b6 3. b3 Bb7 4. Bb2 Nf6 5. c4 e6 6. Nc3 Be7 7. Qc2 c5 8. cxd5
exd5 9. d4 O-O 10. dxc5 bxc5 11. O-O-O Qa5 12. Rg1 Nc6 13. a3 d4 14. Na4 Rac8
15. Bc4 Ba6 16. Kb1 Bxc4 17. Qxc4 Ne4 18. exd4 cxd4 19. Nxd4 Nd2+ 20. Rxd2 Qxd2
21. Nxc6 Bg5 22. f4 Bxf4 23. Ne7+ Kh8 24. Nxc8 Qf2 25. Rf1 Qxg2 26. Rxf4 Qxh2
27. Rxf7 Qh1+ 28. Ka2 Rg8 29. Ne7 1-0

[Event "Titled Tue 24th Jun Early"]
[Site "chess.com INT"]
[Date "2025.06.24"]
[Round "1"]
[White "Marynychenko, Yehor"]
[Black "Schmakel, Sam"]
[Result "1-0"]
[WhiteTitle "CM"]
[BlackTitle "IM"]
[WhiteElo "2183"]
[BlackElo "2456"]
[WhiteFideId "34160558"]
[BlackFideId "2039311"]
[EventDate "2025.06.24"]

1. e4 e5 2. Nf3 Nc6 3. Bb5 Nf6 4. O-O Nxe4 5. d4 Nd6 6. Bxc6 dxc6 7. dxe5 Nf5 8.
Qe2 Nd4 9. Nxd4 Qxd4 10. Rd1 Bg4 11. Rxd4 Bxe2 12. Nc3 Bh5 13. Bg5 Bc5 14. Rd2
Bb4 15. f3 h6 16. Bh4 g5 17. Bf2 Rd8 18. Rxd8+ Kxd8 19. Ne4 Bg6 20. c3 Be7 21.
Rd1+ Kc8 22. Nf6 b6 23. Kf1 Bxf6 24. exf6 c5 25. Re1 Bd3+ 26. Kg1 Rd8 27. Bg3
Rd7 28. Re8+ Kb7 29. Re7 Kc6 30. Rxd7 Kxd7 31. Kf2 Bb1 32. a3 a5 33. f4 g4 34.
Ke3 Bf5 35. b4 cxb4 36. cxb4 axb4 37. axb4 c5 38. bxc5 bxc5 39. Kd2 Kc6 40. Kc3
Be4 41. h4 Bxg2 42. h5 Be4 43. f5 Bxf5 44. Bf4 Kd5 45. Bxh6 g3 46. Be3 g2 47. h6
c4 48. Bg1 Bd3 49. Bd4 Ke6 50. h7 Bxh7 51. Kxc4 Be4 52. Kc3 Kf5 53. Kd2 Kf4 54.
Ke2 Kg3 55. Bg1 Bg6 56. Ke3 Bh5 57. Ke4 Bg4 58. Ke3 Bf3 59. Bf2+ Kh2 60. Kxf3 1-0

[Event "Titled Tue 24th Jun Early"]
[Site "chess.com INT"]
[Date "2025.06.24"]
[Round "1"]
[White "Kononenko, Dmitry2"]
[Black "Zepeda Berlanga, Jan Enrique"]
[Result "1-0"]
[WhiteTitle "FM"]
[BlackTitle "CM"]
[WhiteElo "2205"]
[BlackElo "1984"]
[WhiteFideId "14113538"]
[BlackFideId "5132355"]
[EventDate "2025.06.24"]

1. e4 e5 2. Nf3 Nc6 3. d4 exd4 4. Nxd4 Nf6 5. Nc3 Bb4 6. Nxc6 bxc6 7. Bd3 d5 8.
Bd2 O-O 9. O-O dxe4 10. Nxe4 Bxd2 11. Nxd2 Bg4 12. Qc1 Rb8 13. Re1 Nd5 14. Nb3
Qf6 15. c3 Nf4 16. Bf1 Rfe8 17. Qd2 Rbd8 18. Rxe8+ Rxe8 19. Re1 Rd8 20. Qe3 h5
21. h3 Be6 22. Qxa7 Rd7 23. Qa8+ Kh7 24. Qxc6 Qg5 25. Kh2 Re7 26. Qe4+ f5 27.
Qe3 h4 28. Nd4 Bd5 29. Qxe7 1-0

[Event "Titled Tue 24th Jun Early"]
[Site "chess.com INT"]
[Date "2025.06.24"]
[Round "1"]
[White "Vasquez Schroeder, Rodrigo"]
[Black "Calvo Gonzalez, Jose Felix"]
[Result "1-0"]
[WhiteTitle "GM"]
[BlackTitle "CM"]
[WhiteElo "2446"]
[BlackElo "2168"]
[WhiteFideId "3400042"]
[BlackFideId "54505615"]
[EventDate "2025.06.24"]

1. e4 c5 2. Nf3 d6 3. d4 cxd4 4. Nxd4 Nf6 5. Nc3 a6 6. Bg5 e6 7. f4 Be7 8. Qf3
Qc7 9. O-O-O Nbd7 10. g4 b5 11. Bxf6 Nxf6 12. g5 Nd7 13. f5 Bxg5+ 14. Kb1 Ne5
15. Qh5 Qe7 16. Nxe6 Bxe6 17. fxe6 g6 18. exf7+ Kxf7 19. Qh3 Kg7 20. Nd5 Qd8 21.
Qc3 Rc8 22. Qa3 Rc6 23. Be2 Rf8 24. Rhf1 Rxf1 25. Rxf1 Qd7 26. Qg3 Bh6 27. Qh4
Qe6 28. a3 Rc8 29. Qf2 Kh8 30. Qa7 Nd7 31. Bd3 Nc5 32. Rf7 Nxd3 33. Rxh7+ Kg8
34. cxd3 Rc1+ 35. Ka2 Bf8 36. Rh4 b4 37. Qh7# 1-0

[Event "Titled Tue 24th Jun Early"]
[Site "chess.com INT"]
[Date "2025.06.24"]
[Round "1"]
[White "Sahetchian, Armand"]
[Black "Ismagilov, Damir"]
[Result "0-1"]
[WhiteTitle "CM"]
[BlackTitle "CM"]
[WhiteElo "2024"]
[BlackElo "2173"]
[WhiteFideId "607150"]
[BlackFideId "34199982"]
[EventDate "2025.06.24"]

1. e4 c5 2. Nf3 e6 3. d4 cxd4 4. Nxd4 Nc6 5. Nb5 d6 6. c4 Nf6 7. N1c3 a6 8. Na3
Be7 9. Be2 b6 10. Nc2 Bb7 11. O-O Ne5 12. Ne3 Nxe4 13. Nxe4 Bxe4 14. Qd4 Bb7 15.
f4 Nc6 16. Qxg7 Bf6 17. Qh6 Nd4 18. Bd1 Rg8 19. Qxh7 Rh8 20. Qd3 Qc7 21. Ba4+
Ke7 22. Re1 Qc5 23. Bd2 Rag8 24. Bb3 Rxg2+ 25. Nxg2 Nf3+ 26. Kf1 Qg1+ 27. Ke2
Qxg2+ 28. Kd1 Nxe1 29. Bxe1 Bf3+ 30. Kc1 Qxb2# 0-1

[Event "Titled Tue 24th Jun Early"]
[Site "chess.com INT"]
[Date "2025.06.24"]
[Round "1"]
[White "Ilinca, Felix-Antonio"]
[Black "Grunberg, Mihai-Lucian"]
[Result "1-0"]
[WhiteTitle "IM"]
[BlackTitle "IM"]
[WhiteElo "2431"]
[BlackElo "2400"]
[WhiteFideId "54764998"]
[BlackFideId "1204149"]
[EventDate "2025.06.24"]

1. d4 Nf6 2. c4 g6 3. Nc3 d5 4. cxd5 Nxd5 5. e4 Nxc3 6. bxc3 Bg7 7. Nf3 c5 8.
Be3 O-O 9. Rc1 b6 10. d5 e6 11. c4 Na6 12. Be2 exd5 13. exd5 Nc7 14. O-O Ne8 15.
Qd2 Nd6 16. Rfe1 Re8 17. h3 Bf5 18. Bd3 Qd7 19. Bf4 Bxd3 20. Qxd3 Rxe1+ 21. Rxe1
Re8 22. Rxe8+ Nxe8 23. Ne5 Bxe5 24. Bxe5 f6 25. Bb2 Kf7 26. g4 a6 27. Qe3 Kg8
28. Qf4 Qe7 29. a4 Kf7 30. g5 f5 31. Be5 Ng7 32. Bf6 Qd7 33. Qe5 Ne8 34. Qb2 f4
35. Qxb6 Nd6 36. Qxc5 Qxh3 37. Qc7+ Kg8 38. Qg7# 1-0

[Event "Titled Tue 24th Jun Early"]
[Site "chess.com INT"]
[Date "2025.06.24"]
[Round "1"]
[White "Caruana, Fabiano"]
[Black "Terletsky, Oleg"]
[Result "1-0"]
[WhiteTitle "GM"]
[BlackTitle "IM"]
[WhiteElo "2777"]
[BlackElo "2160"]
[WhiteFideId "2020009"]
[BlackFideId "14116774"]
[EventDate "2025.06.24"]

1. e4 e5 2. Nf3 Nc6 3. Nc3 Nf6 4. h3 d5 5. exd5 Nxd5 6. Bb5 Nxc3 7. bxc3 Bd6 8.
d4 exd4 9. cxd4 O-O 10. O-O Bf5 11. Re1 Qf6 12. Bb2 Rad8 13. Ba4 Qg6 14. Nh4 Qg5
15. Nxf5 Qxf5 16. c3 Ne7 17. Bc2 Qf4 18. g3 Qh6 19. h4 f5 20. Bc1 Qg6 21. Bg5
Nd5 22. Bb3 c6 23. c4 Bxg3 24. fxg3 h6 25. cxd5 hxg5 26. dxc6+ Kh7 27. Re6 Rf6
28. Rxf6 Qxf6 29. c7 g4 30. cxd8=Q 1-0

[Event "Titled Tue 24th Jun Early"]
[Site "chess.com INT"]
[Date "2025.06.24"]
[Round "1"]
[White "Cherukuri, Nitesh"]
[Black "Makarian, Rudik"]
[Result "0-1"]
[WhiteTitle "CM"]
[BlackTitle "IM"]
[WhiteElo "2171"]
[BlackElo "2524"]
[WhiteFideId "30978688"]
[BlackFideId "44105681"]
[EventDate "2025.06.24"]

1. b3 d5 2. Bb2 Nf6 3. Nf3 Bg4 4. g3 Bxf3 5. exf3 g6 6. Bg2 Bg7 7. O-O O-O 8. d3
c5 9. Nd2 Nc6 10. f4 e6 11. a4 Ne8 12. Bxg7 Nxg7 13. c3 Nf5 14. Qe2 a6 15. Nf3
b5 16. Ne5 Qc7 17. g4 Nfe7 18. h4 Rab8 19. Rfb1 b4 20. c4 Nd4 21. Qd2 Rbd8 22.
cxd5 Nxd5 23. Bxd5 Rxd5 24. Kg2 Rxe5 25. fxe5 Qc6+ 26. Kh3 Qf3+ 27. Kh2 Qxg4 28.
Qg5 Nf3+ 29. Kh1 Qh3# 0-1

[Event "Titled Tue 24th Jun Early"]
[Site "chess.com INT"]
[Date "2025.06.24"]
[Round "1"]
[White "Parfenov, Viktor N."]
[Black "Shuvalov, Evgenij"]
[Result "1-0"]
[WhiteTitle "CM"]
[WhiteElo "2193"]
[BlackElo "1986"]
[WhiteFideId "4165969"]
[BlackFideId "4187237"]
[EventDate "2025.06.24"]

1. d4 Nf6 2. Nf3 g6 3. Bg5 Bg7 4. Nbd2 c5 5. Bxf6 Bxf6 6. Ne4 Bxd4 7. Nxd4 cxd4
8. Qxd4 O-O 9. c4 Nc6 10. Qd2 d6 11. Nc3 Be6 12. e4 Ne5 13. b3 a5 14. Be2 a4 15.
O-O Qa5 16. Qb2 a3 17. Qc2 Rfc8 18. Rac1 Nc6 19. Rfd1 Nb4 20. Qb1 Qg5 21. g3 h5
22. h4 Qe5 23. Bf1 Bg4 24. Re1 Bf3 25. Nd5 Nxd5 26. exd5 Qf6 27. Re3 b5 28. Rce1
Ra7 29. Qa1 Qxa1 30. Rxa1 Bg4 31. cxb5 Rc2 32. Bc4 Kf8 33. Kf1 Rb2 34. Ke1 Rb7
35. Rd3 Be2 36. Rd2 Bxc4 37. bxc4 Rc7 38. Rxb2 axb2 39. Rb1 Rxc4 40. Rxb2 Ra4
41. b6 Ra8 42. a4 Ke8 43. a5 Kd8 44. a6 Rxa6 45. b7 1-0

[Event "Titled Tue 24th Jun Early"]
[Site "chess.com INT"]
[Date "2025.06.24"]
[Round "1"]
[White "Sayce, Hannah"]
[Black "Guerrero Olmos, Sergio"]
[Result "1-0"]
[WhiteTitle "WCM"]
[BlackTitle "FM"]
[WhiteElo "1877"]
[BlackElo "2378"]
[WhiteFideId "3250695"]
[BlackFideId "2257238"]
[EventDate "2025.06.24"]

1. e4 e6 2. d4 d5 3. Nc3 Bb4 4. e5 c5 5. a3 Bxc3+ 6. bxc3 Qa5 7. Bd2 Qa4 8. f4
Ne7 9. Nf3 b6 10. Be2 Nd7 11. O-O Ba6 12. Qe1 Rc8 13. Bxa6 Qxa6 14. g4 h5 15.
Qh4 Ng6 16. Qg5 hxg4 17. f5 gxf3 18. fxg6 O-O 19. Rxf3 fxg6 20. Rg3 Rf7 21. Qxg6
Nf8 22. Qg4 cxd4 23. Bg5 Rxc3 24. Rxc3 dxc3 25. Bf6 Qe2 26. Qxe2 gxf6 27. exf6
Rxf6 28. Kh1 Kf7 29. Rf1 Nd7 30. Rxf6+ Nxf6 31. Qe3 Ne4 32. Kg2 Kf6 33. Qf4+ Ke7
34. Qc7+ Kf6 35. Qxa7 e5 36. Qxb6+ Kf5 37. a4 d4 38. a5 Ng5 39. a6 Ne6 40. a7 d3
41. cxd3 c2 42. Qc6 Nf4+ 43. Kf3 Nxd3 44. Qxc2 e4+ 45. Ke3 Nb4 46. Qxe4+ 1-0

[Event "Titled Tue 24th Jun Early"]
[Site "chess.com INT"]
[Date "2025.06.24"]
[Round "1"]
[White "Fomevor, Cephas Clinton"]
[Black "Arslanov, Shamil"]
[Result "0-1"]
[WhiteTitle "CM"]
[BlackTitle "IM"]
[WhiteElo "1883"]
[BlackElo "2410"]
[WhiteFideId "12601330"]
[BlackFideId "4192826"]
[EventDate "2025.06.24"]

1. d4 e5 2. c3 d5 3. dxe5 Nc6 4. Nf3 f6 5. exf6 Nxf6 6. g3 Bc5 7. Bg2 O-O 8. O-O
Qe8 9. Bf4 Qh5 10. Nbd2 Bh3 11. Bxh3 Qxh3 12. Ng5 Qf5 13. Qb3 Bb6 14. Rac1 h6
15. Ngf3 Qh3 16. c4 dxc4 17. Nxc4 Kh8 18. Nxb6 axb6 19. Rfe1 Ng4 0-1

[Event "Titled Tue 24th Jun Early"]
[Site "chess.com INT"]
[Date "2025.06.24"]
[Round "1"]
[White "Materia, Marco"]
[Black "Bratovic, Blaz"]
[Result "1-0"]
[WhiteTitle "IM"]
[BlackTitle "IM"]
[WhiteElo "2489"]
[BlackElo "2319"]
[WhiteFideId "45150451"]
[BlackFideId "14603551"]
[EventDate "2025.06.24"]

1. Nf3 f5 2. c4 Nf6 3. Nc3 e6 4. a3 g6 5. b4 Bg7 6. Bb2 O-O 7. g3 d6 8. d4 Qe7
9. Bg2 Nc6 10. O-O Nd8 11. Qb3 Nf7 12. Rac1 Kh8 13. Rfd1 e5 14. dxe5 dxe5 15.
Nd5 Nxd5 16. cxd5 e4 17. Bxg7+ Kxg7 18. Nd4 Nd6 19. Qc3 Qf6 20. Qxc7+ Rf7 21.
Qc3 Re7 22. e3 Bd7 23. Qa1 Ba4 24. Rd2 Kf7 25. Bf1 Rc8 26. Rxc8 Nxc8 27. b5 Nd6
28. Qc3 a6 29. bxa6 bxa6 30. Bxa6 g5 31. Qb4 Bd7 32. Nc6 Bxc6 33. dxc6 Ne8 34.
Bc4+ Kg7 35. Rd7 Rxd7 36. cxd7 Nd6 37. Qb8 Nxc4 38. d8=Q Qa1+ 39. Kg2 Nxe3+ 40.
fxe3 Qa2+ 41. Kh3 g4+ 42. Kh4 Qxh2+ 43. Kg5 Qh6+ 44. Kxf5 Qg6+ 45. Ke5 Qh5+ 46.
Kd4 1-0

[Event "Titled Tue 24th Jun Early"]
[Site "chess.com INT"]
[Date "2025.06.24"]
[Round "1"]
[White "Yang, Larry"]
[Black "Kaasen, Tor Fredrik"]
[Result "0-1"]
[BlackTitle "IM"]
[WhiteElo "2017"]
[BlackElo "2470"]
[WhiteFideId "2637618"]
[BlackFideId "1516647"]
[EventDate "2025.06.24"]

1. e4 c5 2. Nf3 d6 3. Bb5+ Nd7 4. O-O a6 5. Be2 Ngf6 6. d3 e5 7. Re1 Be7 8. Nbd2
O-O 9. Nf1 b5 10. Ng3 g6 11. c3 Bb7 12. Bf1 Re8 13. Bg5 d5 14. exd5 Nxd5 15.
Bxe7 Rxe7 16. d4 exd4 17. Rxe7 Qxe7 18. c4 bxc4 19. Bxc4 N7b6 20. Qb3 Nxc4 21.
Qxc4 Re8 22. Re1 Qxe1+ 23. Nxe1 Rxe1+ 24. Nf1 Nf4 25. h4 Bxg2 26. Qxc5 Bxf1 27.
Qd6 Ne6 28. Qb4 Rd1 29. Kh2 Bb5 30. a4 Bc6 31. Qb8+ Nf8 32. Qd6 Bxa4 33. Qxa6
Bd7 34. b4 d3 35. Qd6 d2 36. Qd4 Ba4 37. h5 Rh1+ 38. Kxh1 d1=Q+ 39. Qxd1 Bxd1
40. b5 Bxh5 41. Kg2 Nd7 0-1

[Event "Titled Tue 24th Jun Early"]
[Site "chess.com INT"]
[Date "2025.06.24"]
[Round "1"]
[White "Leiva, Gianmarco"]
[Black "Cave, Iwan"]
[Result "1-0"]
[WhiteTitle "IM"]
[WhiteElo "2387"]
[BlackElo "2136"]
[WhiteFideId "3804399"]
[BlackFideId "495948"]
[EventDate "2025.06.24"]

1. e4 e5 2. Nf3 Nf6 3. Nxe5 d6 4. Nf3 Nxe4 5. c4 Nc6 6. Nc3 Nxc3 7. dxc3 Bf5 8.
Be3 Be7 9. Be2 O-O 10. O-O Re8 11. Nd4 Bg6 12. Nxc6 bxc6 13. Bf3 Qd7 14. Qa4 d5
15. Bxd5 Bc2 16. b3 Qg4 17. f3 Qh5 18. Bxc6 Red8 19. Bxa8 Rxa8 20. Qd7 Bd6 21.
Qh3 Qg6 22. Qg4 Qf6 23. Bd4 Qh6 24. Qh3 Qg6 25. Rae1 h5 26. Be5 Bc5+ 27. Kh1 Rd8
28. Qg3 Qh6 29. Bf4 Qf6 30. Qg5 Qxg5 31. Bxg5 Rd3 32. Rc1 Rxc3 33. Bd2 1-0